| 000 | 01121cam a22003493a 4500 | ||
|---|---|---|---|
| 001 | 21721 | ||
| 003 | PGUSA | ||
| 005 | 20140828083449.0 | ||
| 008 | 070607s2007||||xxu|||||s|||||000 1 eng d | ||
| 040 |
_aPGUSA _beng |
||
| 042 | _adc | ||
| 050 | 4 | _aPZ | |
| 100 | 1 |
_aBallantyne, R. M. _q(Robert Michael), _d1825-1894 |
|
| 245 | 1 | 4 |
_aThe Coral Island _h[electronic resource] / _cR. M. Ballantyne |
| 260 |
_bProject Gutenberg, _c2007 |
||
| 506 | _aPublic domain in the USA. | ||
| 516 | _aElectronic text | ||
| 653 | _aCamping -- Juvenile fiction | ||
| 653 | _aOutdoor life -- Juvenile fiction | ||
| 653 | _aSurvival skills -- Juvenile fiction | ||
| 653 | _aShipwreck survival -- Juvenile fiction | ||
| 653 | _aPirates -- Juvenile fiction | ||
| 653 | _aOceania -- Juvenile fiction | ||
| 653 | _aShipwrecks -- Juvenile fiction | ||
| 653 | _aIslands -- Juvenile fiction | ||
| 653 | _aNatural history -- Juvenile fiction | ||
| 653 | _aConduct of life -- Juvenile fiction | ||
| 653 | _aRobinsonades | ||
| 830 | 0 |
_aProject Gutenberg _v21721 |
|
| 856 | 4 | 0 | _uhttp://www.gutenberg.org/ebooks/21721 |
| 942 | _cEB | ||
| 999 |
_c250976 _d250976 |
||